Самостоятельная работа студентов по дисциплине "Естествознание: Зоология и краеведение" (Запись № 11236614)

Подробности
000 -МАРКЕР
контрольное поле 02626nam0a2200373 4500
001 - ИДЕНТИФИКАТОР ЗАПИСИ
контрольное поле RU\NLR\BIBL_A\011671058
005 - ИДЕНТИФИКАТОР ВЕРСИИ
контрольное поле 20180417132108.0
010 ## - МЕЖДУНАРОДНЫЙ СТАНДАРТНЫЙ НОМЕР КНИГИ (ISBN)
Номер (ISBN) 978-5-7513-2452-0
Тираж 50
021 ## - НОМЕР ГОСУДАРСТВЕННОЙ РЕГИСТРАЦИИ
Код страны Российская Федерация
Номер КН-П-18-014790
Номер Листа государственной регистраци КН-П-18-1063
035 ## - ДРУГИЕ СИСТЕМНЫЕ НОМЕРА
Идентификатор записи (NLR Aleph) 011671058
035 ## - ДРУГИЕ СИСТЕМНЫЕ НОМЕРА
Идентификатор записи (RuMoRGB)009557936
100 ## - ДАННЫЕ ОБЩЕЙ ОБРАБОТКИ
Данные общей обработки 20180404d2017 u y0rusy50 ca
101 0# - ЯЗЫК РЕСУРСА
Язык текста, звукозаписи и т.д. русский
102 ## - СТРАНА ПУБЛИКАЦИИ ИЛИ ПРОИЗВОДСТВА
Страна публикации Российская Федерация
105 ## - ПОЛЕ КОДИРОВАННЫХ ДАННЫХ: ТЕКСТОВЫЕ МАТЕРИАЛЫ, МОНОГРАФИЧЕСКИЕ
Кодированные данные о монографическом текстовом документе y|||j|||000zy
200 1# - ЗАГЛАВИЕ И СВЕДЕНИЯ ОБ ОТВЕТСТВЕННОСТИ
Основное заглавие Самостоятельная работа студентов по дисциплине "Естествознание: Зоология и краеведение"
Сведения, относящиеся к заглавию учебное пособие
-- [по направлению подготовки] 44.03.01 Педагогическое образование [профиль подготовки] Начальное образование [для студентов педагогических учебных заведений очной, заочной, дистанционной форм обучения]
Первые сведения об ответственности Министерство образования и науки Российской Федерации, Северо-Восточный федеральный университет имени М. К. Аммосова
Последующие сведения об ответственности [составители: Л. И. Григорьева, А. Г. Неустроева]
210 ## - ПУБЛИКАЦИЯ, РАСПРОСТРАНЕНИЕ И ДР.
Место издания, распространения и т.д. Якутск
Имя издателя, распространителя и т. д. Северо-Восточный федеральный университет
Дата издания, распространения и т.д. 2017
215 ## - ФИЗИЧЕСКАЯ ХАРАКТЕРИСТИКА
Специфическое обозначение материала и объем 79 с.
Другие сведения о физической характеристике табл.
Размеры 20
320 ## - ПРИМЕЧАНИЯ О НАЛИЧИИ В ДОКУМЕНТЕ БИБЛИОГРАФИИ / УКАЗАТЕЛЯ
Текст примечания Библиогр.: с. 79 (8 назв.)
606 1# - НАИМЕНОВАНИЕ ТЕМЫ КАК ПРЕДМЕТ
Наименование темы Животные
Формальный подзаголовок Учебные издания для высших учебных заведений
Географический подзаголовок Саха (Якутия), Республика
Системный номер авторитетной/нормативной записи 2374608
Идентификатор авторитетной/нормативной записи RU\NLR\AUTH\661417170
606 1# - НАИМЕНОВАНИЕ ТЕМЫ КАК ПРЕДМЕТ
Наименование темы Природа
Формальный подзаголовок Учебные издания для высших учебных заведений
Географический подзаголовок Саха (Якутия), Республика
Системный номер авторитетной/нормативной записи 2507490
Идентификатор авторитетной/нормативной записи RU\NLR\AUTH\661486741
686 ## - ИНДЕКСЫ ДРУГИХ КЛАССИФИКАЦИЙ
Индекс Е693.3-85я73-1
Код системы
686 ## - ИНДЕКСЫ ДРУГИХ КЛАССИФИКАЦИЙ
Индекс Е685.9(2Р54-6Я)я73-1
Код системы
686 ## - ИНДЕКСЫ ДРУГИХ КЛАССИФИКАЦИЙ
Индекс Д9(2Р54-6Я)82я73-1
Код системы
686 1# - ИНДЕКСЫ ДРУГИХ КЛАССИФИКАЦИЙ
Индекс Е585.9(2Р54-6Я)я731
686 1# - ИНДЕКСЫ ДРУГИХ КЛАССИФИКАЦИЙ
Индекс Д829(2Р54-6Я)я73
702 #1 - ИМЯ ЛИЦА - ВТОРИЧНАЯ ОТВЕТСТВЕННОСТЬ
Код отношения Составитель
Графика поля Кириллица
Материалы, к которым относится поле rus
Начальный элемент ввода Григорьева
Часть имени, кроме начального элемента ввода Л. И.
Дополнения к именам, кроме дат канд. пед. наук
Расширение инициалов личного имени Любовь Ивановна
Системный номер авторитетной/нормативной записи 109721
Идентификатор авторитетной/нормативной записи RU\NLR\AUTH\77126797
712 02 - НАИМЕНОВАНИЕ ОРГАНИЗАЦИИ - ВТОРИЧНАЯ ОТВЕТСТВЕННОСТЬ
Код отношения Прочие
Начальный элемент ввода Северо-Восточный федеральный университет им. М. К. Аммосова
Идентифицирующий признак Якутск
Системный номер авторитетной/нормативной записи 852256
Идентификатор авторитетной/нормативной записи RU\NLR\AUTH\8810178060
942 ## - ДОПОЛНИТЕЛЬНЫЕ ЭЛЕМЕНТЫ ЗАПИСИ (АБИС)
Тип экземпляра АБИС Книга
980 ## - КОЛЛЕКЦИЯ
Название коллекции Национальная библиография
Экземпляры
Тип экземпляра Дата поступления Источник поступления Библиотека постоянного хранения Библиотека текущего хранения Место хранения Шифр хранения Штрих-код Статус экземпляра
Книга 04.04.2018 Обязательный экземпляр РНБ (Московский) РНБ (Московский) Русский книжный фонд: издания с 1957 года 2018-4/2985 1-2235037